Robotyka 4

Gespeichert in:
Bibliographische Detailangaben
Format: Buch
Sprache:Polnisch
Veröffentlicht: Warszawa Wyd. Naukowo-Techn. 1990
Ausgabe:1. wyd.
Tags: Tag hinzufügen
Keine Tags, Fügen Sie das erste Tag hinzu!

MARC

LEADER 00000nam a2200000 4500
001 c022312
005 20221215130333.8
041 0 |a pol 
044 |a PL 
245 1 0 |a Robotyka 4 
250 |a 1. wyd. 
264 1 |a Warszawa  |b Wyd. Naukowo-Techn.  |c 1990 
300 |a 36 s.